[Event "NDVM 2025 U16"]
[Site "Binz"]
[Date "2025.09.05"]
[Round "1.1"]
[White "Helms, Finn"]
[Black "Zobel, Christian"]
[Result "1-0"]
[EventDate "2025.09.05"]
[Time "08:30:00"]
[Board "1"]
[WhiteElo "2106"]
[BlackElo "2212"]
[WhiteNrv "2105"]
[BlackNrv "2177"]
[WhiteTwz "2105"]
[BlackTwz "2177"]
[WhiteTitle ""]
[BlackTitle "CM"]
[WhiteFideId "16249143"]
[BlackFideId "16259068"]
[WhiteNatFedId "10635853"]
[BlackNatFedId "10660429"]
[WhiteAttr "M"]
[BlackAttr "M"]
[WhiteTeam "SAbt SV Werder Bremen"]
[BlackTeam "SC Borussia Lichtenberg"]
[PlyCount "0"]
[Annotator "Rnd./Pair./Board: 01.001.01"]

1. e4 c6 2. d4 d5 3. e5 Bf5 4. Nf3 e6 5. Be2 c5 6. Be3 Nc6 7. dxc5 Nge7 8. c3 Qc7 9. Bd4 Ng6 10. O-O Be7 11. Re1 O-O 12. Bd3 Bg4 13. Nbd2 Nf4 14. Qc2 Nxd3 15. Qxd3 f6 16. b4 a5 17. exf6 gxf6 18. b5 Nd8 19. c4 Bf5 20. Qe3 dxc4 21. Nxc4 e5 22. Nb6 Rb8 23. Nxe5 Ne6 24. Ned7 Rbd8 25. Nxf8 Kxf8 26. Rad1 Kf7 27. Qb3 Bxc5 28. Nd5 Qc8 29. Bxf6 Rxd5 30. Qxd5 Kxf6 31. Qe5+ Kg6 32. Rd5 Qf8 33. Qg3+ Kf6 34. Rxf5+ Kxf5 35. Qe5+ Kg6 36. Qxe6+ Kg7 37. Qe5+ Kg8 38. Qg3+ Kh8 39. Qf3 1-0

[Event "NDVM 2025 U16"]
[Site "Binz"]
[Date "2025.09.05"]
[Round "1.2"]
[White "Pimenov, Danil"]
[Black "Jablonski, Ture"]
[Result "1/2-1/2"]
[EventDate "2025.09.05"]
[Time "08:30:00"]
[Board "2"]
[WhiteElo "1966"]
[BlackElo "1855"]
[WhiteNrv "1939"]
[BlackNrv "1787"]
[WhiteTwz "1939"]
[BlackTwz "1787"]
[WhiteTitle ""]
[BlackTitle ""]
[WhiteFideId "34600248"]
[BlackFideId "34640452"]
[WhiteNatFedId "10705507"]
[BlackNatFedId "10724973"]
[WhiteAttr "M"]
[BlackAttr "M"]
[WhiteTeam "SC Borussia Lichtenberg"]
[BlackTeam "SAbt SV Werder Bremen"]
[PlyCount "0"]
[Annotator "Rnd./Pair./Board: 01.001.02"]

1. e4 e5 2. Nf3 Nf6 3. Nc3 Nc6 4. d4 exd4 5. Nxd4 Bb4 6. Nxc6 bxc6 7. Bd3 d5 8. exd5 cxd5 9. O-O O-O 10. h3 c6 11. Qf3 Nd7 12. Qg3 Be7 13. Re1 Nc5 14. Bf4 Nxd3 15. Qxd3 Bf6 16. Rad1 Qb6 17. b3 Ba6 18. Qf3 Rfe8 19. Ne2 Qb4 20. Bd2 Bxe2 21. Rxe2 Qa3 22. Rxe8+ Rxe8 23. Bc3 Qxa2 24. Bxf6 gxf6 25. Qg3+ Kf8 26. Qd6+ Kg7 27. Qxc6 Re2 28. Rd3 Qb1+ 29. Kh2 Qxc2 30. Rg3+ Kf8 31. Qd6+ Re7 32. Qd8+ Re8 33. Qxf6 Qc7 34. Qh6+ Ke7 35. Qxh7 Qf4 36. Qd3 Rd8 37. Qc2 Qe5 38. Qc5+ Ke6 39. Qxa7 d4 40. Qa6+ Rd6 41. Qd3 Rc6 42. Qd2 Rc3 43. f4 Qc5 44. Rg5 Qb4 45. Qe2+ Re3 46. Qa6+ Qd6 47. Qc4+ Kf6 48. g3 d3 49. Rd5 Qe6 50. Qc3+ Ke7 51. Qc7+ Kf8 52. Rd8+ Kg7 53. Qc3+ Kg6 54. Rg8+ Kf5 55. Rg5+ Ke4 56. Re5+ Kf3 57. Rxe6 fxe6 58. Qc1 Re2+ 59. Kg1 d2 60. Qc3+ Ke4 61. Qc4+ Ke3 62. Qxe6+ Kd3 63. Qc4+ Ke3 64. Qc3+ Ke4 65. Qc2+ Ke3 66. Qc3+ Ke4 67. Qc2+ Ke3 68. Qc3+ 1/2-1/2

[Event "NDVM 2025 U16"]
[Site "Binz"]
[Date "2025.09.05"]
[Round "1.3"]
[White "Halich, Jan Finnian"]
[Black "Svanidze, Alexander"]
[Result "0-1"]
[EventDate "2025.09.05"]
[Time "08:30:00"]
[Board "3"]
[WhiteElo "1617"]
[BlackElo "1815"]
[WhiteNrv "1575"]
[BlackNrv "1807"]
[WhiteTwz "1575"]
[BlackTwz "1807"]
[WhiteTitle ""]
[BlackTitle ""]
[WhiteFideId "34623710"]
[BlackFideId "34623469"]
[WhiteNatFedId "10753837"]
[BlackNatFedId "10768095"]
[WhiteAttr "M"]
[BlackAttr "M"]
[WhiteTeam "SAbt SV Werder Bremen"]
[BlackTeam "SC Borussia Lichtenberg"]
[PlyCount "0"]
[Annotator "Rnd./Pair./Board: 01.001.03"]

1. e4 e5 2. Nf3 Nf6 3. Nc3 Bb4 4. d3 O-O 5. Be2 Re8 6. O-O c6 7. Bg5 d6 8. h3 Nbd7 9. a3 Ba5 10. b4 Bc7 11. b5 h6 12. h4 Nf8 13. Nh2 Ng6 14. Bxf6 Qxf6 15. Bg4 Ba5 16. Qe1 Bxg4 17. Nxg4 Qe6 18. Rb1 d5 19. exd5 cxd5 20. d4 Qc8 21. Rb3 exd4 22. Qd1 Bxc3 23. a4 Qc4 0-1

[Event "NDVM 2025 U16"]
[Site "Binz"]
[Date "2025.09.05"]
[Round "1.1"]
[White "Direk, Oguzhan"]
[Black "Tulchynsky, Mark"]
[Result "1-0"]
[EventDate "2025.09.05"]
[Time "08:30:00"]
[Board "1"]
[WhiteElo "2013"]
[BlackElo "1830"]
[WhiteNrv "1925"]
[BlackNrv "1841"]
[WhiteTwz "1925"]
[BlackTwz "1841"]
[WhiteTitle ""]
[BlackTitle ""]
[WhiteFideId "16294343"]
[BlackFideId "34617698"]
[WhiteNatFedId "10749313"]
[BlackNatFedId "10678759"]
[WhiteAttr "M"]
[BlackAttr "M"]
[WhiteTeam "Hagener SV"]
[BlackTeam "KSV Rochade Göttingen (Veltheim)"]
[PlyCount "0"]
[Annotator "Rnd./Pair./Board: 01.002.01"]

1. d4 d5 2. Nc3 Nf6 3. Bf4 c5 4. e3 cxd4 5. exd4 Bg4 6. f3 Bd7 7. Nb5 Bxb5 8. Bxb5+ Nc6 9. c3 a6 10. Bd3 e6 11. Ne2 Bd6 12. Qd2 b5 13. O-O O-O 14. Bg5 Be7 15. Rae1 Ne8 16. Bxe7 Qxe7 17. Nf4 Nf6 18. Bc2 Qd6 19. Nd3 a5 20. Ne5 b4 21. f4 Nd7 22. Ba4 Ncxe5 23. fxe5 Qe7 24. Rf3 f5 25. exf6 Rxf6 26. Bc6 Rxf3 27. gxf3 bxc3 28. bxc3 Ra6 29. Bxd5 Qf6 30. Bc4 Rc6 31. Qe2 Kf7 32. d5 Rxc4 33. dxe6+ 1-0

[Event "NDVM 2025 U16"]
[Site "Binz"]
[Date "2025.09.05"]
[Round "1.3"]
[White "Schöne, Finn"]
[Black "Kalusa, Lukas"]
[Result "0-1"]
[EventDate "2025.09.05"]
[Time "08:30:00"]
[Board "3"]
[WhiteElo "1914"]
[BlackElo "1665"]
[WhiteNrv "1870"]
[BlackNrv "1734"]
[WhiteTwz "1870"]
[BlackTwz "1734"]
[WhiteTitle ""]
[BlackTitle ""]
[WhiteFideId "34623493"]
[BlackFideId "34617710"]
[WhiteNatFedId "10781329"]
[BlackNatFedId "10698255"]
[WhiteAttr "M"]
[BlackAttr "M"]
[WhiteTeam "Hagener SV"]
[BlackTeam "KSV Rochade Göttingen (Veltheim)"]
[PlyCount "0"]
[Annotator "Rnd./Pair./Board: 01.002.03"]

1. d4 d5 2. Nc3 Nf6 3. Bf4 c5 4. e3 cxd4 5. exd4 a6 6. Nf3 Nc6 7. Ne5 Bd7 8. g3 e6 9. Nxd7 Qxd7 10. Bg2 b5 11. O-O Bd6 12. Be3 O-O 13. Qd3 Na5 14. Rae1 Rfc8 15. f4 b4 16. Nd1 Qa4 17. Re2 Qxa2 18. b3 Qa3 19. f5 e5 20. dxe5 Bxe5 21. Bb6 Bc7 22. Bd4 Ne4 23. Ne3 Nc3 24. Ree1 Nc6 25. Ra1 Qb2 26. Bxd5 Nxd4 27. Qxd4 Ne2+ 0-1

[Event "NDVM 2025 U16"]
[Site "Binz"]
[Date "2025.09.05"]
[Round "1.4"]
[White "Maraun, Lias"]
[Black "Fels, Mattis"]
[Result "1-0"]
[EventDate "2025.09.05"]
[Time "08:30:00"]
[Board "4"]
[WhiteElo "1767"]
[BlackElo "1832"]
[WhiteNrv "1643"]
[BlackNrv "1745"]
[WhiteTwz "1643"]
[BlackTwz "1745"]
[WhiteTitle ""]
[BlackTitle ""]
[WhiteFideId "533017441"]
[BlackFideId "34623795"]
[WhiteNatFedId "10836849"]
[BlackNatFedId "10777493"]
[WhiteAttr "M"]
[BlackAttr "M"]
[WhiteTeam "KSV Rochade Göttingen (Veltheim)"]
[BlackTeam "Hagener SV"]
[PlyCount "0"]
[Annotator "Rnd./Pair./Board: 01.002.04"]

1. e4 d5 2. exd5 Nf6 3. d4 Bg4 4. f3 Bf5 5. Bd3 Bxd3 6. Qxd3 Nxd5 7. Ne2 Nc6 8. a3 e6 9. c4 Nf6 10. Nbc3 Be7 11. Be3 O-O 12. Rd1 Qc8 13. Kf2 Rd8 14. Qc2 Bd6 15. Ne4 Nxe4+ 16. fxe4 e5 17. d5 Nb8 18. c5 Be7 19. Rhf1 Qg4 20. Kg1 Nd7 21. Ng3 Bh4 22. Nf5 Nf6 23. h3 Qh5 24. g4 Nxg4 25. hxg4 Qxg4+ 26. Qg2 Qxg2+ 27. Kxg2 Bf6 28. Rd3 Kf8 29. Rfd1 g6 30. Nh6 Kg7 31. Ng4 h5 32. Nxf6 Kxf6 33. Rf1+ Kg7 34. Bg5 Rd7 35. Bf6+ Kh7 36. Rb3 c6 37. d6 b6 38. cxb6 axb6 39. Be7 Kg7 40. Rxb6 Ra4 41. Bf6+ Kh7 42. Rf2 g5 43. Bxe5 g4 44. Rb8 Kg6 45. Rf6+ Kg7 46. Rh6+ f6 47. Bxf6+ Kf7 48. Rh7+ Ke6 49. Rxd7 Kxd7 50. e5 Rc4 51. Rb7+ Ke6 52. d7 Rc2+ 53. Kg3 h4+ 54. Bxh4 Rd2 55. d8=Q Rxd8 56. Bxd8 c5 57. Bb6 c4 58. a4 c3 59. bxc3 Kf5 60. a5 1-0

[Event "NDVM 2025 U16"]
[Site "Binz"]
[Date "2025.09.05"]
[Round "1.1"]
[White "Al Amin, Sami"]
[Black "Lu, Yunong Elias"]
[Result "*"]
[EventDate "2025.09.05"]
[Time "08:30:00"]
[Board "1"]
[WhiteElo "1861"]
[BlackElo "2106"]
[WhiteNrv "1781"]
[BlackNrv "2073"]
[WhiteTwz "1781"]
[BlackTwz "2073"]
[WhiteTitle ""]
[BlackTitle ""]
[WhiteFideId "34691910"]
[BlackFideId "16276426"]
[WhiteNatFedId "10833287"]
[BlackNatFedId "10711099"]
[WhiteAttr "M"]
[BlackAttr "M"]
[WhiteTeam "SchVgg Blankenese von 1923 e.V."]
[BlackTeam "Hamburger SK von 1830 eV"]
[PlyCount "0"]
[Annotator "Rnd./Pair./Board: 01.003.01"]

1. e4 e5 2. Nf3 Nc6 3. Nc3 Nf6 4. d4 exd4 5. Nxd4 Bb4 6. Nxc6 bxc6 7. Bd3 d5 8. exd5 cxd5 9. O-O O-O 10. Bg5 c6 11. Qf3 Be7 12. h3 h6 13. Bh4 Rb8 14. b3 Rb4 15. Bg3 Bd6 16. Rad1 Bxg3 17. Qxg3 Nh5 18. Qf3 Qg5 19. Ne2 Nf4 20. Nxf4 Rxf4 21. Qg3 Qf6 22. Rfe1 h5 23. Re2 d4 24. Re4 Rxe4 25. Bxe4 c5 26. Qc7 Qb6 27. Qe5 g6 28. Rd3 Qe6 29. Qxe6 Bxe6 30. b4 cxb4 31. Rxd4 a5 32. Rd6 Rc8 33. Rd1 Rc3 34. Bd5 Rxc2 35. Bb3 Rxa2 36. Bxa2 Bxa2 37. Ra1 b3 38. Kh2 h4 39. g3 hxg3+ 40. Kxg3 Kg7 41. h4 Kf6 *

[Event "NDVM 2025 U16"]
[Site "Binz"]
[Date "2025.09.05"]
[Round "1.1"]
[White "Bräutigam, Alexander"]
[Black "Ishcenko, Volodymyr"]
[Result "1-0"]
[EventDate "2025.09.05"]
[Time "08:30:00"]
[Board "1"]
[WhiteElo "2166"]
[BlackElo "1586"]
[WhiteNrv "2155"]
[BlackNrv "1574"]
[WhiteTwz "2155"]
[BlackTwz "1574"]
[WhiteTitle ""]
[BlackTitle ""]
[WhiteFideId "16245210"]
[BlackFideId "34660208"]
[WhiteNatFedId "10624201"]
[BlackNatFedId "10791869"]
[WhiteAttr "M"]
[BlackAttr "M"]
[WhiteTeam "SK Doppelbauer Kiel von 1910"]
[BlackTeam "Delmenhorster SK V 1931"]
[PlyCount "0"]
[Annotator "Rnd./Pair./Board: 01.004.01"]

1. c4 e5 2. Nc3 Nf6 3. Nf3 Nc6 4. d3 d5 5. cxd5 Nxd5 6. g3 Bb4 7. Bd2 O-O 8. Bg2 Be6 9. O-O h6 10. a3 Nxc3 11. bxc3 Bc5 12. c4 e4 13. Ne1 exd3 14. Nxd3 Bd4 15. Rb1 Rb8 16. Qc2 Bf5 17. Rb5 Qf6 18. Qb3 Bb6 19. Bc3 Nd4 20. Bxd4 Bxd4 21. Rxb7 Rbe8 22. Nf4 Bb6 23. c5 Bc8 24. cxb6 Bxb7 25. Bxb7 Qxb6 26. Qxb6 axb6 27. e4 Rd8 28. Nd5 Rd6 29. e5 Re6 30. f4 c6 31. Bxc6 Kh7 32. Bd7 Ra8 33. Bxe6 fxe6 34. Nxb6 Rxa3 35. Rc1 Ra2 36. Nc4 Re2 37. Nd6 Rd2 38. Rc7 Rd1+ 39. Kg2 Rd2+ 40. Kh3 Kg6 41. Re7 Kh5 42. g4+ Kg6 43. Rxe6+ Kh7 44. Re7 Kh8 45. Nf5 Rd3+ 46. Kh4 Rf3 47. Nxg7 Rxf4 48. Nh5 Rf3 49. Nf6 h5 50. Rh7# 1-0

[Event "NDVM 2025 U16"]
[Site "Binz"]
[Date "2025.09.05"]
[Round "1.2"]
[White "Wander, Nikita"]
[Black "Farokhi, Darian"]
[Result "0-1"]
[EventDate "2025.09.05"]
[Time "08:30:00"]
[Board "2"]
[WhiteElo "1592"]
[BlackElo "1851"]
[WhiteNrv "1486"]
[BlackNrv "1831"]
[WhiteTwz "1486"]
[BlackTwz "1831"]
[WhiteTitle ""]
[BlackTitle ""]
[WhiteFideId "16294092"]
[BlackFideId "16253108"]
[WhiteNatFedId "10724971"]
[BlackNatFedId "10642131"]
[WhiteAttr "M"]
[BlackAttr "M"]
[WhiteTeam "Delmenhorster SK V 1931"]
[BlackTeam "SK Doppelbauer Kiel von 1910"]
[PlyCount "0"]
[Annotator "Rnd./Pair./Board: 01.004.02"]

1. e4 e5 2. Nf3 Nc6 3. Bc4 Bc5 4. c3 d6 5. a4 a5 6. d3 Nge7 7. Nbd2 O-O 8. O-O h6 9. Bb3 Kh8 10. Re1 Bg4 11. Nf1 Ng6 12. Be3 Nh4 13. N1d2 f5 14. g3 Nxf3+ 15. Nxf3 fxe4 16. dxe4 Bxf3 17. Qd2 Qd7 18. Bxh6 gxh6 19. Qxh6+ Qh7 20. Qxh7+ Kxh7 21. Bd5 Bxf2+ 22. Kxf2 Bxe4+ 0-1

[Event "NDVM 2025 U16"]
[Site "Binz"]
[Date "2025.09.05"]
[Round "1.3"]
[White "Charchulla, Moritz"]
[Black "Rabe, Elina"]
[Result "1-0"]
[EventDate "2025.09.05"]
[Time "08:30:00"]
[Board "3"]
[WhiteElo "1770"]
[BlackElo "1546"]
[WhiteNrv "1702"]
[BlackNrv "1497"]
[WhiteTwz "1702"]
[BlackTwz "1497"]
[WhiteTitle ""]
[BlackTitle ""]
[WhiteFideId "34607579"]
[BlackFideId "34623531"]
[WhiteNatFedId "10737333"]
[BlackNatFedId "10727097"]
[WhiteAttr "M"]
[BlackAttr "W"]
[WhiteTeam "SK Doppelbauer Kiel von 1910"]
[BlackTeam "Delmenhorster SK V 1931"]
[PlyCount "0"]
[Annotator "Rnd./Pair./Board: 01.004.03"]

1. e4 e5 2. Nf3 Nc6 3. Bc4 Bc5 4. c3 Nf6 5. d4 exd4 6. O-O dxc3 7. e5 Ng4 8. Bxf7+ Kxf7 9. Qd5+ Kf8 10. Qxc5+ Qe7 11. Qxc3 Ngxe5 12. Re1 Nxf3+ 13. Qxf3+ Qf7 14. Bf4 d6 15. Nd2 Bf5 16. Qc3 Re8 17. Nf3 Qf6 18. Qb3 b6 19. Qb5 Be4 20. Rxe4 Rxe4 21. Bg5 Nd4 22. Nxd4 Qxd4 23. Qf5+ Ke8 24. Qc8+ Kf7 25. Qxh8 Qxb2 26. Rf1 Qxa2 27. Qxh7 Qe6 28. Qh5+ Kg8 29. Be3 d5 30. Qg5 c5 31. Bd2 d4 32. f3 Re5 33. Qd8+ Qe8 34. Qxe8+ Rxe8 35. Kf2 Kf7 36. Ra1 d3 37. Rxa7+ Kg6 38. Be3 Rd8 39. Ke1 Re8 40. Kd2 c4 41. Ra6 Re6 42. Rxb6 Rxb6 43. Bxb6 Kf5 44. Be3 Ke5 45. Kc3 Kd5 46. g4 1-0

[Event "NDVM 2025 U16"]
[Site "Binz"]
[Date "2025.09.05"]
[Round "1.4"]
[White "An, David"]
[Black "Johannsen, Bjarne"]
[Result "0-1"]
[EventDate "2025.09.05"]
[Time "08:30:00"]
[Board "4"]
[WhiteElo "1512"]
[BlackElo "1647"]
[WhiteNrv "1419"]
[BlackNrv "1403"]
[WhiteTwz "1419"]
[BlackTwz "1403"]
[WhiteTitle ""]
[BlackTitle ""]
[WhiteFideId "34639500"]
[BlackFideId "34671633"]
[WhiteNatFedId "10748045"]
[BlackNatFedId "10767815"]
[WhiteAttr "M"]
[BlackAttr "M"]
[WhiteTeam "Delmenhorster SK V 1931"]
[BlackTeam "SK Doppelbauer Kiel von 1910"]
[PlyCount "0"]
[Annotator "Rnd./Pair./Board: 01.004.04"]

1. e4 e5 2. Nf3 Nc6 3. Bc4 Nf6 4. d3 Bc5 5. O-O d6 6. h3 h6 7. Nbd2 O-O 8. c3 a5 9. a3 Be6 10. Re1 Ne7 11. Bxe6 fxe6 12. Qb3 Qd7 13. a4 Ng6 14. Nc4 c6 15. Be3 Bxe3 16. fxe3 Qc7 17. Ncd2 d5 18. exd5 exd5 19. e4 Kh8 20. exd5 cxd5 21. Re3 Rae8 22. Rae1 b6 23. Qb5 Re7 24. b4 Rb8 25. c4 d4 26. Nxe5 dxe3 27. Nxg6+ Kg8 28. Nxe7+ Qxe7 29. Nf3 axb4 30. a5 Nd7 31. axb6 Rxb6 32. Qd5+ Qe6 33. Qa8+ Rb8 34. Qa4 Nc5 35. Qa7 Rb6 36. Nd4 Qg6 37. Rxe3 b3 38. Qa4 Kh7 39. Re8 Qxe8 40. Qxe8 b2 41. Nf5 b1=Q+ 42. Kh2 Qxd3 43. Ne7 Qd6+ 44. Kg1 Rb1+ 45. Kf2 Nd3+ 46. Ke2 Re1+ 0-1

[Event "NDVM 2025 U16"]
[Site "Binz"]
[Date "2025.09.05"]
[Round "1.1"]
[White "Drechsler, Andor"]
[Black "Matiashvili, Alexander Michael"]
[Result "1/2-1/2"]
[EventDate "2025.09.05"]
[Time "08:30:00"]
[Board "1"]
[WhiteElo "1747"]
[BlackElo "1883"]
[WhiteNrv "1860"]
[BlackNrv "1898"]
[WhiteTwz "1860"]
[BlackTwz "1898"]
[WhiteTitle ""]
[BlackTitle ""]
[WhiteFideId "16266900"]
[BlackFideId "16266242"]
[WhiteNatFedId "10685473"]
[BlackNatFedId "10696495"]
[WhiteAttr "M"]
[BlackAttr "M"]
[WhiteTeam "SAV Torgelow-Drögeheide 90"]
[BlackTeam "SV Königsjäger Süd-West e.V."]
[PlyCount "0"]
[Annotator "Rnd./Pair./Board: 01.005.01"]

1. e4 e5 2. Nf3 Nc6 3. Bc4 Nf6 4. d3 Bc5 5. c3 d6 6. h3 h6 7. O-O a6 8. a4 g5 9. d4 Ba7 10. dxe5 Nxe5 11. Nxe5 dxe5 12. Qxd8+ Kxd8 13. Nd2 g4 14. hxg4 Nxg4 15. b3 Bd7 16. Ba3 Ne3 17. fxe3 Bxe3+ 18. Rf2 b5 19. Bd3 bxa4 20. Kf1 Bxf2 21. Kxf2 axb3 22. Nxb3 Bb5 23. c4 Bc6 24. Nc5 a5 25. Bb2 Re8 26. Bc2 f6 27. Bc3 a4 28. Nxa4 Ke7 29. Ke3 Rg8 30. Kf3 Ra7 31. Nc5 Rxa1 32. Bxa1 Kd6 33. Nd3 f5 34. c5+ Ke7 35. Nxe5 Bxe4+ 36. Bxe4 fxe4+ 37. Kxe4 Rxg2 38. Kd5 h5 39. Kc6 h4 40. Kxc7 h3 41. Nc6+ Kf8 42. Be5 1/2-1/2

[Event "NDVM 2025 U16"]
[Site "Binz"]
[Date "2025.09.05"]
[Round "1.2"]
[White "Schäfer, Benjamin"]
[Black "Briese, Paul"]
[Result "0-1"]
[EventDate "2025.09.05"]
[Time "08:30:00"]
[Board "2"]
[WhiteElo "1967"]
[BlackElo "1724"]
[WhiteNrv "1895"]
[BlackNrv "1704"]
[WhiteTwz "1895"]
[BlackTwz "1704"]
[WhiteTitle ""]
[BlackTitle ""]
[WhiteFideId "34616390"]
[BlackFideId "16273826"]
[WhiteNatFedId "10725457"]
[BlackNatFedId "10694861"]
[WhiteAttr "M"]
[BlackAttr "M"]
[WhiteTeam "SV Königsjäger Süd-West e.V."]
[BlackTeam "SAV Torgelow-Drögeheide 90"]
[PlyCount "0"]
[Annotator "Rnd./Pair./Board: 01.005.02"]

1. d4 d5 2. c4 e6 3. Nc3 Nf6 4. cxd5 exd5 5. Bg5 Be7 6. e3 O-O 7. Bd3 c6 8. Nf3 Be6 9. Qc2 h6 10. Bh4 Nbd7 11. O-O Rc8 12. Rab1 c5 13. dxc5 Nxc5 14. Be2 Nce4 15. Qd3 Nxc3 16. bxc3 Ne4 17. Bxe7 Qxe7 18. Rfc1 Rc7 19. c4 Rfc8 20. Qd4 b6 21. Rd1 Nf6 22. cxd5 Nxd5 23. Ba6 Nc3 24. Ra1 b5 25. Rd2 Rd7 26. Qe5 Rxd2 27. Nxd2 Rc5 28. Qb8+ Kh7 29. Nb3 Qc7 30. Qxc7 Rxc7 31. Nd4 Bc4 32. a3 Rd7 33. Rc1 Rxd4 0-1

[Event "NDVM 2025 U16"]
[Site "Binz"]
[Date "2025.09.05"]
[Round "1.1"]
[White "Haubold, Christian"]
[Black "Erk, Ben"]
[Result "1/2-1/2"]
[EventDate "2025.09.05"]
[Time "08:30:00"]
[Board "1"]
[WhiteElo "1997"]
[BlackElo "1835"]
[WhiteNrv "2083"]
[BlackNrv "1605"]
[WhiteTwz "2083"]
[BlackTwz "1605"]
[WhiteTitle ""]
[BlackTitle ""]
[WhiteFideId "16259629"]
[BlackFideId "533010803"]
[WhiteNatFedId "10667593"]
[BlackNatFedId "10838769"]
[WhiteAttr "M"]
[BlackAttr "M"]
[WhiteTeam "USC Magdeburg"]
[BlackTeam "SK Weisse Dame Hamburg"]
[PlyCount "0"]
[Annotator "Rnd./Pair./Board: 01.006.01"]

1. e4 d5 2. exd5 Nf6 3. d4 Nxd5 4. c4 Nb6 5. Nc3 g6 6. c5 Nd5 7. Bc4 Nxc3 8. bxc3 Bg7 9. Qf3 O-O 10. Ne2 Nd7 11. O-O c6 12. Bg5 Nf6 13. Nf4 Qc7 14. Rae1 e6 15. Qg3 Qa5 16. h4 Nd5 17. Bxd5 cxd5 18. Be7 Re8 19. Bd6 Bd7 20. Re3 Qxa2 21. h5 Qc2 22. Qh4 Qf5 23. g4 Bf6 24. Qg3 Qg5 25. Nh3 Qh4 26. Qg2 Be7 27. Bf4 a5 28. f3 a4 29. Bg3 Qf6 30. Be5 1/2-1/2

[Event "NDVM 2025 U16"]
[Site "Binz"]
[Date "2025.09.05"]
[Round "1.2"]
[White "Wöll, Henry"]
[Black "Kuhlmann, Nils Magnus"]
[Result "1/2-1/2"]
[EventDate "2025.09.05"]
[Time "08:30:00"]
[Board "2"]
[WhiteElo "1770"]
[BlackElo "1841"]
[WhiteNrv "1693"]
[BlackNrv "1790"]
[WhiteTwz "1693"]
[BlackTwz "1790"]
[WhiteTitle ""]
[BlackTitle ""]
[WhiteFideId "533027161"]
[BlackFideId "16287177"]
[WhiteNatFedId "10881211"]
[BlackNatFedId "10827143"]
[WhiteAttr "M"]
[BlackAttr "M"]
[WhiteTeam "SK Weisse Dame Hamburg"]
[BlackTeam "USC Magdeburg"]
[PlyCount "0"]
[Annotator "Rnd./Pair./Board: 01.006.02"]

1. e4 c6 2. d4 d5 3. exd5 cxd5 4. Bd3 Nc6 5. c3 Nf6 6. Bf4 Bg4 7. Qb3 Qd7 8. Nd2 e6 9. Ngf3 Bxf3 10. Nxf3 a6 11. O-O Nh5 12. Bd2 Bd6 13. Rae1 Nf4 14. Bb1 Ng6 15. h4 Na5 16. Qc2 Nc4 17. Bc1 Ne7 18. Ne5 Bxe5 19. dxe5 Qc7 20. f4 Nf5 21. Qf2 g6 22. b3 Na5 23. Bd2 Nc6 24. Bd3 Qe7 25. g3 Rd8 26. Kh2 h5 27. Qb6 Qd7 28. Rb1 Nce7 29. b4 Qc6 30. Qxc6+ Nxc6 31. b5 axb5 32. Bxb5 O-O 33. a4 Rc8 34. Rfd1 Na5 35. Rdc1 Nc4 36. Bxc4 Rxc4 37. Rb4 Rfc8 38. Rcb1 d4 39. cxd4 Rxd4 40. Rxd4 Nxd4 41. Rb2 Rc4 42. Be3 Nf5 43. Bf2 Rxa4 44. Rxb7 Ra2 45. Kg1 Rc2 46. Rd7 Nh6 47. Be1 Ng4 48. Rd2 Rc1 49. Kf1 Ne3+ 50. Ke2 Nf5 51. Rd1 Rc4 52. Rd3 Ra4 53. Bf2 Kf8 54. Kf3 Ra2 55. Be3 Ke8 56. Bb6 Rb2 57. Bc5 Rb5 58. Ba3 Rb3 59. Rxb3 Nd4+ 60. Ke4 Nxb3 61. Bb4 Kd7 62. Kf3 Nd4+ 63. Ke4 Nf5 64. Kf3 Nh6 65. Bf8 Ng4 66. Bb4 Kc6 67. Ba5 Kd5 68. Bb6 Nh6 69. Ba7 Kc4 70. Bb6 Kd3 71. Ba5 Nf5 72. Bb6 Ne7 73. Bd8 Nc6 74. Bb6 Nb4 75. Ba7 Nd5 76. Bc5 Nc3 77. Bb6 Ne4 78. Ba5 Nc5 79. Bb6 Nb3 80. Be3 Na5 81. Bc5 Nc6 82. Bb6 Nb4 83. Bc5 Nc2 84. Bf2 Nb4 1/2-1/2

[Event "NDVM 2025 U16"]
[Site "Binz"]
[Date "2025.09.05"]
[Round "1.1"]
[White "Peilert, Maximilian"]
[Black "Hellenbroich, Hanno"]
[Result "1-0"]
[EventDate "2025.09.05"]
[Time "08:30:00"]
[Board "1"]
[WhiteElo "1784"]
[BlackElo "1873"]
[WhiteNrv "1868"]
[BlackNrv "1897"]
[WhiteTwz "1868"]
[BlackTwz "1897"]
[WhiteTitle ""]
[BlackTitle ""]
[WhiteFideId "34686312"]
[BlackFideId "16270762"]
[WhiteNatFedId "10653655"]
[BlackNatFedId "10664473"]
[WhiteAttr "M"]
[BlackAttr "M"]
[WhiteTeam "Think Rochade - SC HRO"]
[BlackTeam "Lübecker SV von 1873"]
[PlyCount "0"]
[Annotator "Rnd./Pair./Board: 01.007.01"]

1. d4 Nf6 2. c4 g6 3. f3 d5 4. cxd5 Nxd5 5. e4 Nb6 6. Nc3 Bg7 7. Be3 O-O 8. Qd2 Nc6 9. O-O-O a5 10. h4 a4 11. h5 Na5 12. Bh6 Nac4 13. Bxc4 Nxc4 14. Qf4 Qd6 15. hxg6 fxg6 16. Qxd6 exd6 17. Nge2 c6 18. d5 c5 19. Bxg7 Kxg7 20. Rh2 Rf7 21. Rdh1 Kg8 22. g3 Bd7 23. Nf4 Raf8 24. Ne6 Bxe6 25. dxe6 Re7 26. Nd5 Ree8 27. Nf6+ 1-0

[Event "NDVM 2025 U16"]
[Site "Binz"]
[Date "2025.09.05"]
[Round "1.2"]
[White "Petrow, Andre"]
[Black "Vakeel, Eshwar"]
[Result "1-0"]
[EventDate "2025.09.05"]
[Time "08:30:00"]
[Board "2"]
[WhiteElo "1835"]
[BlackElo "1672"]
[WhiteNrv "1731"]
[BlackNrv "1666"]
[WhiteTwz "1731"]
[BlackTwz "1666"]
[WhiteTitle ""]
[BlackTitle ""]
[WhiteFideId "34612815"]
[BlackFideId "34626514"]
[WhiteNatFedId "10769617"]
[BlackNatFedId "10736037"]
[WhiteAttr "M"]
[BlackAttr "M"]
[WhiteTeam "Lübecker SV von 1873"]
[BlackTeam "Think Rochade - SC HRO"]
[PlyCount "0"]
[Annotator "Rnd./Pair./Board: 01.007.02"]

1. e4 c6 2. c4 d5 3. cxd5 cxd5 4. exd5 Qxd5 5. Nc3 Qe5+ 6. Be2 Nc6 7. Nf3 Qc7 8. d4 e6 9. O-O a6 10. d5 exd5 11. Nxd5 Qd8 12. Bf4 Bd6 13. Bxd6 Qxd6 14. Rc1 Nge7 15. Bc4 O-O 16. Re1 Nxd5 17. Bxd5 Qf6 18. Qb3 Ne7 19. Rc7 Nxd5 20. Qxd5 Be6 21. Qxb7 Rfb8 22. Qc6 Qxb2 23. a4 Qb6 24. Qc3 Qb4 25. Qc6 Qb6 26. Rc8+ 1-0

[Event "NDVM 2025 U16"]
[Site "Binz"]
[Date "2025.09.05"]
[Round "1.3"]
[White "Tank, Julian"]
[Black "Schönrock, Elia"]
[Result "1-0"]
[EventDate "2025.09.05"]
[Time "08:30:00"]
[Board "3"]
[WhiteElo "1692"]
[BlackElo "1817"]
[WhiteNrv "1696"]
[BlackNrv "1688"]
[WhiteTwz "1696"]
[BlackTwz "1688"]
[WhiteTitle ""]
[BlackTitle ""]
[WhiteFideId "34686339"]
[BlackFideId "533051208"]
[WhiteNatFedId "10764561"]
[BlackNatFedId "10906917"]
[WhiteAttr "M"]
[BlackAttr "M"]
[WhiteTeam "Think Rochade - SC HRO"]
[BlackTeam "Lübecker SV von 1873"]
[PlyCount "0"]
[Annotator "Rnd./Pair./Board: 01.007.03"]

1. d4 d5 2. c4 c6 3. Nf3 Nf6 4. Nc3 Bf5 5. cxd5 cxd5 6. Qb3 b6 7. Bf4 e6 8. Nb5 Na6 9. Qa4 Qd7 10. Qxa6 Rc8 11. a3 Be7 12. Ne5 Qd8 13. e3 O-O 14. Bd3 Be4 15. O-O h6 16. Rac1 Rxc1 17. Rxc1 Nh5 18. Nc6 Qe8 19. Nxe7+ Qxe7 20. Bd6 Qg5 21. Bxe4 dxe4 22. Bxf8 Kxf8 23. Qc8+ Ke7 24. Rc7+ Kf6 25. Qd8+ Kg6 26. Qxg5+ 1-0